000 00588nam a2200241Ia 4500
005 20250425161751.0
008 250425s9999 xx 000 0 und d
020 _a9688801208
041 _aspa
082 _a660.2
100 _aHIMMELBLAU, DAVID M.
245 0 _aBALANCES DE MATERIA Y ENERGÍA
250 _a4A. ED.
260 _aMEXICO
260 _aMéxico
_bPRENTICA HALL
_c1988
300 _a660
650 _aESTEQUIOMETRIA
650 _aFISICOQUIMICA
650 _aINGENIERIA QUIMICA
700 _aJOSÉ RODRÍGUEZ H.
_etraductor
942 _c01
010 _a28240
999 _c215706
_d215706